[Event "ChBLRU20m"]
[Site "?"]
[Date "2010.04.17"]
[Round "3"]
[White "Ulasevich, Sergei"]
[Black "Stupak, Kirill"]
[Result "0-1"]
[WhiteElo "2164"]
[BlackElo "2478"]
[PlyCount "72"]
[EventDate "2010.04.16"]
[SourceDate "2010.04.16"]

1. e4 e6 2. d4 d5 3. Nd2 c5 4. exd5 Qxd5 5. Ngf3 cxd4 6. Bc4 Qd6 7. O-O Nc6 8.
Nb3 Nf6 9. Nfxd4 Nxd4 10. Nxd4 a6 11. c3 Qc7 12. Bb3 Bd6 13. h3 O-O 14. Bc2 b6
15. Bg5 Nd5 16. c4 Nf4 17. Be4 Bb7 18. Qf3 Bxe4 19. Qxe4 Ng6 20. b3 Rac8 21.
Rad1 Rfe8 22. Rfe1 h6 23. Bc1 Bc5 24. Bb2 b5 25. cxb5 Qb6 26. Rf1 axb5 27. Qg4
Ra8 28. b4 Be7 29. Nf3 Rxa2 30. Bd4 Qb8 31. g3 e5 32. Bc5 Bxc5 33. bxc5 Ra4 34.
Qd7 e4 35. Nd4 Ne5 36. Qd6 Qxd6 0-1

[Event "ChBLRU20m"]
[Site "?"]
[Date "2010.04.18"]
[Round "4"]
[White "Smolich, Pavel"]
[Black "Kovalev, Vladislav"]
[Result "1/2-1/2"]
[WhiteElo "2232"]
[BlackElo "2352"]
[PlyCount "60"]
[EventDate "2010.04.16"]
[SourceDate "2010.04.16"]

1. d4 Nf6 2. Nf3 g6 3. c4 Bg7 4. Nc3 d6 5. e4 O-O 6. Be2 e5 7. dxe5 dxe5 8.
Qxd8 Rxd8 9. Nxe5 Nxe4 10. Nxe4 Bxe5 11. Bg5 Bxb2 12. Bxd8 Bxa1 13. Bxc7 Na6
14. Ba5 b6 15. O-O Be5 16. Bc3 Bxc3 17. Nxc3 Bb7 18. Rd1 Nc5 19. f3 Kf8 20. Nb5
Ke7 21. Rb1 Bc6 22. Kf2 Ne6 23. Ke3 f5 24. g3 Nc5 25. h4 Nd7 26. Rb3 Bb7 27.
Kf4 h6 28. Nc7 Rc8 29. Re3+ Kf6 30. Ne8+ Kf7 1/2-1/2

[Event "ChBLRU20m"]
[Site "?"]
[Date "2010.04.18"]
[Round "4"]
[White "Kocheev, Aleksandr"]
[Black "Ulasevich, Sergei"]
[Result "1/2-1/2"]
[WhiteElo "2254"]
[BlackElo "2164"]
[PlyCount "128"]
[EventDate "2010.04.16"]
[SourceDate "2010.04.16"]

1. e4 e6 2. d4 d5 3. Nc3 Nf6 4. Bg5 Bb4 5. e5 h6 6. Bd2 Bxc3 7. bxc3 Ne4 8. Qg4
g6 9. Bd3 Nxd2 10. Kxd2 c5 11. h4 Nc6 12. Rh3 cxd4 13. cxd4 Qb6 14. Ne2 Qb4+
15. Kd1 Nxe5 16. Qf4 Nxd3 17. Rxd3 Qe7 18. Rc3 Kd8 19. a4 g5 20. Qh2 Re8 21.
hxg5 hxg5 22. Rb1 f6 23. a5 e5 24. Rb5 Qd6 25. Rcc5 Be6 26. Nc3 Bd7 27. Rxd5
Qc6 28. Rbc5 Qe6 29. dxe5 Rc8 30. Qh6 Rxc5 31. Rxc5 Qg4+ 32. Ne2 Bc6 33. f3
Qd7+ 34. Ke1 Re6 35. Kf2 Kc7 36. Qh2 b6 37. Rc4 Kb7 38. Nd4 Bd5 39. Rb4 Rxe5
40. Qh8 Qe7 41. a6+ Kc7 42. Rb1 Bc6 43. Rh1 Qc5 44. Qg7+ Bd7 45. c3 Qxc3 46.
Rd1 Qe3+ 47. Kf1 Re7 48. Qxf6 g4 49. Qh4 Kc8 50. Qf2 Qxf2+ 51. Kxf2 gxf3 52.
gxf3 Kc7 53. Rc1+ Kd6 54. Kg3 Re5 55. Rd1 Ke7 56. Ra1 Ra5 57. Rxa5 bxa5 58. Kf4
Kd6 59. Ke4 a4 60. Kd3 Kc5 61. Kc3 Kb6 62. f4 Kxa6 63. Kb4 Kb6 64. f5 a5+
1/2-1/2

[Event "ChBLRU20m"]
[Site "?"]
[Date "2010.04.18"]
[Round "4"]
[White "Khachykian, David"]
[Black "Stupak, Kirill"]
[Result "0-1"]
[WhiteElo "2171"]
[BlackElo "2478"]
[PlyCount "86"]
[EventDate "2010.04.16"]
[SourceDate "2010.04.16"]

1. c4 Nf6 2. g3 g6 3. Bg2 Bg7 4. Nc3 O-O 5. d4 d6 6. Nf3 c6 7. O-O Qb6 8. e4
Bg4 9. h3 Bxf3 10. Bxf3 Nfd7 11. Ne2 c5 12. Be3 Nc6 13. dxc5 Nxc5 14. Qc2 Qxb2
15. Qxb2 Bxb2 16. Rab1 Na4 17. Nf4 Bd4 18. Rxb7 Bxe3 19. fxe3 Nc5 20. Rc7 Rac8
21. Rxc8 Rxc8 22. Rb1 Ne5 23. Be2 e6 24. Kg2 Kf8 25. h4 Rc6 26. Rb8+ Kg7 27. g4
h6 28. Rd8 Ra6 29. a4 Rxa4 30. Rxd6 Nxe4 31. Rd4 Nc5 32. Rd8 Nxc4 33. Rc8 Nxe3+
34. Kf3 e5 35. Nh3 Nb7 36. Kxe3 Ra3+ 37. Kf2 Rxh3 38. Bf3 Nd6 39. Rc6 e4 40.
Be2 Rh2+ 41. Kf1 Ne8 42. Rc8 Nf6 43. Rc7 e3 0-1

[Event "ChBLRU20m"]
[Site "?"]
[Date "2010.04.18"]
[Round "4"]
[White "Tsyhanchuk, Stanislav"]
[Black "Varnavski, Sergei"]
[Result "1/2-1/2"]
[WhiteElo "2228"]
[BlackElo "2282"]
[PlyCount "85"]
[EventDate "2010.04.16"]
[SourceDate "2010.04.16"]

1. e4 c5 2. Nf3 Nc6 3. Bb5 e6 4. Bxc6 bxc6 5. O-O Ne7 6. Nc3 Ng6 7. d3 Be7 8.
Ne2 Qc7 9. Ng3 O-O 10. Re1 d5 11. c4 f5 12. exf5 exf5 13. cxd5 cxd5 14. Qb3 Bb7
15. Bg5 Bd6 16. Rac1 Rf7 17. Nd4 f4 18. Ngf5 Be5 19. Qb5 Bxd4 20. Nxd4 Qb6 21.
Rxc5 h6 22. Re6 Qxb5 23. Rxb5 Nf8 24. Re7 Ba6 25. Ra5 Bxd3 26. Rxf7 Kxf7 27.
Bxf4 a6 28. Rxd5 Bc4 29. Rc5 Bxa2 30. Rc7+ Kg8 31. Be5 Bf7 32. f4 Rd8 33. Ra7
Ng6 34. Nf5 Rd1+ 35. Kf2 Nxe5 36. fxe5 Rd2+ 37. Kg3 Re2 38. Ra8+ Kh7 39. Rxa6
Rxe5 40. Nd4 Re3+ 41. Kf4 Rd3 42. Nf3 Rb3 43. Ra7 1/2-1/2

[Event "ChBLRU20m"]
[Site "?"]
[Date "2010.04.18"]
[Round "4"]
[White "Bulanov, Dmitri"]
[Black "Pogosian, Manvel"]
[Result "1-0"]
[WhiteElo "2393"]
[BlackElo "2331"]
[PlyCount "107"]
[EventDate "2010.04.16"]
[SourceDate "2010.04.16"]

1. e4 c6 2. d4 d5 3. Nc3 dxe4 4. Nxe4 Bf5 5. Ng3 Bg6 6. h4 h6 7. Nf3 Nd7 8. h5
Bh7 9. Bd3 Bxd3 10. Qxd3 e6 11. Bd2 Ngf6 12. O-O-O Qc7 13. Ne4 c5 14. Nxf6+
Nxf6 15. Qb5+ Qd7 16. Qxd7+ Nxd7 17. d5 e5 18. Nxe5 Nxe5 19. Rhe1 Bd6 20. f4 f6
21. fxe5 fxe5 22. Bc3 Kd7 23. Bxe5 Bxe5 24. Rxe5 Rae8 25. Rf5 Rhf8 26. g4 Rxf5
27. gxf5 Re5 28. Rg1 Rxf5 29. Rxg7+ Kc8 30. c4 a6 31. Kc2 Rxh5 32. Kd3 Rh4 33.
b3 Rd4+ 34. Kc3 Rh4 35. Rh7 Rh3+ 36. Kb2 Rh2+ 37. Kc3 Rh3+ 38. Kd2 b5 39. Re7
Kd8 40. Re6 bxc4 41. bxc4 a5 42. Rc6 Rh2+ 43. Kc3 Rxa2 44. Rxc5 h5 45. Rc6 h4
46. Rh6 h3 47. c5 Rh2 48. Rh8+ Ke7 49. Rh7+ Ke8 50. c6 Rh1 51. Kc2 Rh2+ 52. Kd3
Rh1 53. c7 Rc1 54. d6 1-0

[Event "ChBLRU20m"]
[Site "?"]
[Date "2010.04.19"]
[Round "5"]
[White "Pogosian, Manvel"]
[Black "Khachykian, David"]
[Result "1-0"]
[WhiteElo "2331"]
[BlackElo "2171"]
[PlyCount "111"]
[EventDate "2010.04.16"]
[SourceDate "2010.04.16"]

1. d4 d5 2. c4 e6 3. Nf3 c6 4. Nc3 dxc4 5. e3 b5 6. a4 Bb4 7. Bd2 a5 8. axb5
Bxc3 9. Bxc3 cxb5 10. b3 Bb7 11. bxc4 b4 12. Bb2 Nf6 13. Bd3 Nbd7 14. O-O O-O
15. Re1 Ne4 16. Qc2 f5 17. c5 Bc6 18. Bc4 Qe7 19. Bb3 Rfc8 20. Rec1 Kh8 21. Ne1
Nef6 22. Nd3 Nd5 23. Re1 Qg5 24. Qd2 h6 25. f3 Rd8 26. Qe2 Bb5 27. Ba4 Bxd3 28.
Qxd3 f4 29. e4 Ne3 30. Qe2 Nf8 31. Kh1 Qe7 32. g3 e5 33. d5 Rac8 34. gxf4 exf4
35. Rg1 Rxc5 36. Rxg7 Qxg7 37. Bxg7+ Kxg7 38. Qd2 Rc4 39. Bb5 Rc2 40. Qd4+ Kh7
41. Rg1 Ng6 42. Qf6 Rg8 43. Be8 Ng2 44. d6 N6h4 45. d7 Rd2 46. d8=Q Rxd8 47.
Qxd8 b3 48. Rd1 Rg7 49. Rd7 b2 50. Rxg7+ Kxg7 51. Qe7+ Kg8 52. Bf7+ Kg7 53.
Be6+ Kg6 54. Qf7+ Kg5 55. Qg7+ Ng6 56. Qxb2 1-0

[Event "ChBLRU20m"]
[Site "?"]
[Date "2010.04.19"]
[Round "5"]
[White "Kovalev, Vladislav"]
[Black "Bulanov, Dmitri"]
[Result "0-1"]
[WhiteElo "2352"]
[BlackElo "2393"]
[PlyCount "98"]
[EventDate "2010.04.16"]
[SourceDate "2010.04.16"]

1. e4 c6 2. d4 d5 3. Nc3 dxe4 4. Nxe4 Bf5 5. Ng3 Bg6 6. h4 h6 7. Nh3 Nf6 8. Nf4
Bh7 9. Bc4 e6 10. O-O Bd6 11. Re1 O-O 12. c3 Kh8 13. Ngh5 Nbd7 14. Nxf6 Qxf6
15. Bxe6 fxe6 16. Rxe6 Bxf4 17. Rxf6 Rxf6 18. Qg4 Bxc1 19. Rxc1 Rf7 20. Re1
Raf8 21. f3 Nf6 22. Qe6 Rd7 23. Qb3 a6 24. Qb4 Rc8 25. Re6 Bg8 26. Rd6 Rdc7 27.
Qa5 Ne8 28. Rg6 Nf6 29. Qf5 Rf8 30. Rg3 Re7 31. Qd3 Bxa2 32. c4 Rfe8 33. b3 Bb1
34. Qd2 Bf5 35. Kh2 Nh5 36. Qb4 Nxg3 37. Kxg3 Bc8 38. Kh2 Rd7 39. Qc5 Red8 40.
g4 Rxd4 41. Kg3 R4d6 42. g5 h5 43. Qe5 Kg8 44. Qe7 R6d7 45. Qe5 Rd3 46. Kg2 Rf8
47. g6 Bf5 48. Qg3 Rd2+ 49. Kg1 Re8 0-1

[Event "ChBLRU20m"]
[Site "?"]
[Date "2010.04.19"]
[Round "5"]
[White "Varnavski, Sergei"]
[Black "Smolich, Pavel"]
[Result "1/2-1/2"]
[WhiteElo "2282"]
[BlackElo "2232"]
[PlyCount "97"]
[EventDate "2010.04.16"]
[SourceDate "2010.04.16"]

1. d4 d5 2. c4 e6 3. Nf3 Nf6 4. g3 Be7 5. Bg2 O-O 6. O-O dxc4 7. Ne5 c5 8. dxc5
Qc7 9. Nxc4 Qxc5 10. b3 Rd8 11. Nbd2 Qh5 12. e3 Qxd1 13. Rxd1 Nc6 14. Bxc6 bxc6
15. Na5 Bd7 16. Ndc4 Be8 17. Rxd8 Rxd8 18. Bd2 Ne4 19. Be1 f6 20. Rc1 Kf7 21.
Kf1 e5 22. Ke2 Ke6 23. f3 Nc5 24. Nb2 Rc8 25. e4 Na6 26. Na4 c5 27. Nc3 Nb4 28.
Rd1 Nc2 29. Nd5 Nd4+ 30. Kf2 Bf8 31. Ne3 Bb5 32. Nac4 Rc6 33. Bc3 Ra6 34. Rd2
g6 35. g4 Bh6 36. Rb2 Bxc4 37. Nxc4 Bc1 38. Bxd4 exd4 39. Rc2 Bf4 40. a4 Bxh2
41. Nb2 Rb6 42. Nd3 Bd6 43. Nxc5+ Bxc5 44. Rxc5 Rxb3 45. Ra5 Rb2+ 46. Kg3 Rb3
47. Kf2 Rb2+ 48. Kg3 Rb3 49. Kf2 1/2-1/2

[Event "ChBLRU20m"]
[Site "?"]
[Date "2010.04.19"]
[Round "5"]
[White "Ulasevich, Sergei"]
[Black "Tsyhanchuk, Stanislav"]
[Result "0-1"]
[WhiteElo "2164"]
[BlackElo "2228"]
[PlyCount "132"]
[EventDate "2010.04.16"]
[SourceDate "2010.04.16"]

1. e4 c5 2. Nf3 e6 3. d4 cxd4 4. Nxd4 a6 5. Nc3 b5 6. Bd3 Qb6 7. Nb3 Qc7 8. O-O
Bb7 9. Re1 d6 10. f4 Nd7 11. Kh1 Ngf6 12. a4 b4 13. Na2 h5 14. h3 Nc5 15. Nxc5
dxc5 16. e5 c4 17. Bf1 Ne4 18. Kh2 Bc5 19. Bxc4 g5 20. Rxe4 Bxe4 21. Qe2 Qc6
22. fxg5 Bd5 23. Bd3 Qxa4 24. b3 Qa5 25. Bb2 Qd8 26. h4 Qb6 27. Rd1 O-O-O 28.
Bxa6+ Bb7 29. Bxb7+ Qxb7 30. Rxd8+ Rxd8 31. Qc4 Rd2 32. Qxc5+ Kd7 33. Qg1 Ke8
34. Bd4 Rxc2 35. Nxb4 Qxb4 36. Bf2 Qxb3 37. Bg3 Qd5 38. Qf1 Rd2 39. Bf4 Rb2 40.
Bg3 Qe4 41. Qg1 Qf3 42. Kh3 Qe2 43. Kh2 Rc2 44. Kh3 Kf8 45. Kh2 Kg8 46. Bf4 Qf3
47. Bg3 Rd2 48. Be1 Rb2 49. Bg3 Qe2 50. Bf4 Rc2 51. Bg3 Rd2 52. Bf4 Rd1 53. Qe3
Qf1 54. Qf3 Qh1+ 55. Kg3 Qe1+ 56. Kh3 Qf1 57. Qxf1 Rxf1 58. Bh2 Kh7 59. g4 Rf3+
60. Bg3 Kg6 61. gxh5+ Kxh5 62. Kg2 Rd3 63. Kh3 Ra3 64. Kg2 Kg4 65. Bf2 Ra2 66.
Kf1 Ra5 0-1

[Event "ChBLRU20m"]
[Site "?"]
[Date "2010.04.19"]
[Round "5"]
[White "Stupak, Kirill"]
[Black "Kocheev, Aleksandr"]
[Result "1-0"]
[WhiteElo "2478"]
[BlackElo "2254"]
[PlyCount "55"]
[EventDate "2010.04.16"]
[SourceDate "2010.04.16"]

1. Nf3 Nf6 2. c4 g6 3. g3 Bg7 4. Bg2 O-O 5. O-O c6 6. d4 d5 7. cxd5 cxd5 8. Ne5
e6 9. Nc3 Nfd7 10. f4 Nc6 11. Be3 Nb6 12. b3 f6 13. Nd3 Re8 14. Bf2 f5 15. e3
Nd7 16. g4 Nf6 17. gxf5 gxf5 18. Bh4 Qa5 19. Rc1 Ng4 20. Rf3 Bd7 21. h3 Nxe3
22. Rxe3 Bxd4 23. Qe1 Rac8 24. Kh2 Bxe3 25. Qxe3 Qb6 26. Nc5 Nb8 27. Nxd5 exd5
28. Bxd5+ 1-0

[Event "ChBLRU20m"]
[Site "?"]
[Date "2010.04.20"]
[Round "6"]
[White "Khachykian, David"]
[Black "Kocheev, Aleksandr"]
[Result "0-1"]
[WhiteElo "2171"]
[BlackElo "2254"]
[PlyCount "86"]
[EventDate "2010.04.16"]
[SourceDate "2010.04.16"]

1. c4 Nf6 2. g3 c6 3. Bg2 d5 4. Qc2 g6 5. b3 Bg7 6. Bb2 O-O 7. d3 dxc4 8. bxc4
Qb6 9. e3 Na6 10. a3 Nc5 11. Bc3 Bf5 12. e4 Be6 13. Ne2 Rad8 14. Nc1 Ng4 15.
O-O Bxc3 16. Nxc3 Ne5 17. Rb1 Qa5 18. Nd5 cxd5 19. cxd5 Qxa3 20. dxe6 Nxe6 21.
Rxb7 Nd4 22. Qa2 Qc5 23. Qxa7 Rc8 24. Qxc5 Rxc5 25. Nb3 Ne2+ 26. Kh1 Rc2 27. d4
Nd3 28. Nc5 Nb2 29. Rxe7 Nxd4 30. Nd7 Rfc8 31. Ne5 R8c7 32. Rxc7 Rxc7 33. f4
Rc2 34. f5 Rc5 35. Nd7 Rc7 36. Nf6+ Kh8 37. Nd5 Rc2 38. h4 Nd3 39. fxg6 fxg6
40. Kh2 Nf2 41. Nf6 Kg7 42. e5 h5 43. Kg1 Nd3 0-1

[Event "ChBLRU20m"]
[Site "?"]
[Date "2010.04.20"]
[Round "6"]
[White "Tsyhanchuk, Stanislav"]
[Black "Stupak, Kirill"]
[Result "0-1"]
[WhiteElo "2228"]
[BlackElo "2478"]
[PlyCount "96"]
[EventDate "2010.04.16"]
[SourceDate "2010.04.16"]

1. e4 e6 2. Qe2 c5 3. g3 g6 4. Bg2 Bg7 5. Nf3 Ne7 6. h4 h6 7. d3 Nbc6 8. O-O b6
9. Nbd2 O-O 10. e5 d6 11. exd6 Qxd6 12. Nc4 Qd8 13. a4 Bb7 14. Bf4 Nd5 15. Qd2
Nxf4 16. Qxf4 Nb4 17. Rac1 Nd5 18. Qd2 Qc7 19. Rfe1 a6 20. Nce5 Rad8 21. Qe2
Nb4 22. c3 Bxf3 23. Qxf3 Bxe5 24. cxb4 Bxb2 25. Rc2 Bd4 26. bxc5 bxc5 27. Rce2
h5 28. g4 Rd5 29. Bh3 hxg4 30. Bxg4 Kg7 31. Kg2 Qd8 32. h5 gxh5 33. Bh3 Qf6 34.
Qe4 Qg6+ 35. Kh1 Qxe4+ 36. dxe4 Rdd8 37. Rc2 Rb8 38. Bf1 a5 39. Bb5 Kf6 40. f4
Rg8 41. Rh2 Rh8 42. Kg2 Rbg8+ 43. Kf3 Rg4 44. Rh3 Rhg8 45. e5+ Ke7 46. Rxh5
Rg3+ 47. Ke4 Bf2 48. Re2 Rd8 0-1

[Event "ChBLRU20m"]
[Site "?"]
[Date "2010.04.20"]
[Round "6"]
[White "Smolich, Pavel"]
[Black "Ulasevich, Sergei"]
[Result "1/2-1/2"]
[WhiteElo "2232"]
[BlackElo "2164"]
[PlyCount "56"]
[EventDate "2010.04.16"]
[SourceDate "2010.04.16"]

1. d4 Nf6 2. c4 g6 3. Nc3 Bg7 4. e4 d6 5. Bg5 h6 6. Bh4 c5 7. d5 Qa5 8. Qd2
Nbd7 9. Bd3 Ne5 10. f4 Nxd3+ 11. Qxd3 g5 12. fxg5 Nxe4 13. Qxe4 Bxc3+ 14. Kf1
hxg5 15. Bxg5 Be5 16. Nf3 Qb4 17. Re1 Qxb2 18. Bc1 Qc3 19. Bd2 Qb2 20. Nxe5
Qxe5 21. Qxe5 dxe5 22. Rxe5 Rh4 23. Rxe7+ Kf8 24. d6 Be6 25. Be3 Rxc4 26. Kf2
Rd8 27. Rd1 Rxd6 28. Rxf7+ Kxf7 1/2-1/2

[Event "ChBLRU20m"]
[Site "?"]
[Date "2010.04.20"]
[Round "6"]
[White "Bulanov, Dmitri"]
[Black "Varnavski, Sergei"]
[Result "1-0"]
[WhiteElo "2393"]
[BlackElo "2282"]
[PlyCount "61"]
[EventDate "2010.04.16"]
[SourceDate "2010.04.16"]

1. e4 c5 2. Nf3 Nc6 3. d4 cxd4 4. Nxd4 g6 5. Nc3 Bg7 6. Be3 Nf6 7. Bc4 Na5 8.
Be2 O-O 9. Nb3 d6 10. Qd2 Be6 11. O-O-O Rc8 12. f3 Nc4 13. Bxc4 Rxc4 14. h4 Qc7
15. Bh6 Bxh6 16. Qxh6 Rc8 17. Kb1 Qb6 18. Qg5 Kg7 19. e5 dxe5 20. Qxe5 h5 21.
Rd4 Qc7 22. Qg5 Bf5 23. Rxc4 Qxc4 24. Rd1 b5 25. Nd4 Rc5 26. Nxf5+ Rxf5 27. Qe3
b4 28. Ne2 Qxh4 29. Qxe7 Qf2 30. Nd4 Rd5 31. Ne6+ 1-0

[Event "ChBLRU20m"]
[Site "?"]
[Date "2010.04.20"]
[Round "6"]
[White "Pogosian, Manvel"]
[Black "Kovalev, Vladislav"]
[Result "0-1"]
[WhiteElo "2331"]
[BlackElo "2352"]
[PlyCount "100"]
[EventDate "2010.04.16"]
[SourceDate "2010.04.16"]

1. d4 Nf6 2. Nf3 g6 3. g3 Bg7 4. c4 O-O 5. Bg2 d6 6. O-O c6 7. Nc3 Qa5 8. h3
Be6 9. Qd3 Qa6 10. b3 d5 11. Ne5 Rd8 12. Bb2 dxc4 13. Nxc4 Nbd7 14. Ne5 Qa5 15.
Nxd7 Rxd7 16. e4 Rad8 17. Ne2 Ne8 18. Rfd1 Bxd4 19. Bxd4 c5 20. Qe3 Qb4 21. Rd3
cxd4 22. Qh6 f6 23. f4 Bf7 24. e5 Ng7 25. g4 Qb5 26. exf6 exf6 27. Rad1 Ne6 28.
f5 Nc5 29. R3d2 d3 30. fxg6 hxg6 31. Nf4 Qb6 32. Kh1 g5 33. Ng6 Bxg6 34. Qxg6+
Rg7 35. Qf5 a5 36. Rf1 Qd6 37. Qxf6 Qxf6 38. Rxf6 Re7 39. Bf3 Rf8 40. Bd5+ Kg7
41. Rxf8 Kxf8 42. Kg2 Re2+ 43. Rxe2 dxe2 44. Kf2 Nd3+ 45. Kxe2 Nf4+ 46. Ke3
Nxd5+ 47. Ke4 Nc3+ 48. Kf5 Nxa2 49. Kxg5 Nc1 50. Kh6 Kg8 0-1